Astronomie, édition difficile - Statistiques

Statistiques générales
  • Ce quiz a été pris 39 fois
  • Le résultat moyen est 9 sur 15
Statistiques - réponses
Hint Réponse % Correct
Combien de planètes du système solaire possèdent des anneaux ? 4
90%
Quel évènement marque le début de l'Univers ? Big Bang
90%
Quelle est la seule planète du système solaire dont l'emplacement fut auparavant déduit par le calcul, puis validé par l'observation ? Neptune
90%
Quelle est la planète ayant le plus de satellites naturels, à cette date ? Saturne
90%
En quelle année a eu lieu le premier alunissage ? 1969
87%
Qu'abrite le centre de la Voie Lactée, notre galaxie ? Trou noir
84%
En quelle année Pluton fût-elle rétrogradée, passant de planète à planète naine ? 2006
81%
Pour quel pays emploie t'on le terme de cosmonaute ? Russie
81%
A quel scientifique doit-on le système héliocentrique, succédant au géocentrisme ? Nicolas Copernic
65%
Selon le modèle faisant le plus consensus dans la communauté scientifique, de quel type d'objet du ciel profond serait issu notre Système Solaire ? Nébuleuse
48%
Combien y'a t'il de constellations, selon l'Union astronomique internationale ? 88
29%
Que mesure la magnitude apparente ? Luminosité
29%
Quel célèbre physicien théoricien et cosmologiste britannique écrivit une série jeunesse avec sa fille sur son sujet de prédilection ? Stephen Hawking
19%
Dans quelle constellation se trouve l'amas des Pléiades ? Taureau
19%
Quelle est la plus grande constellation, toujours selon l'UAI ? Hydre
6%
Aucun quiz correspondant
Distribution des résultats
% des personnes avec chaque résultat
Percentile par nombre de réponses
Votre historique - résultats
Vous n’avez pas pris ce quiz